MDQL
is popping MORE tags! Check the
thread
!
Quizzes
Events
Quiz Creation
Community
Videos
Private Events
Remove Ads
Sign In
Join for FREE
Feedback
Dark Mode
Quiz Categories
Sports
Geography
Music
Movies
Television
Just For Fun
Miscellaneous
History
Literature
Language
Science
Gaming
Entertainment
Religion
Holiday
For Kids
Quiz Lab
Recent
Popular Today
Quiz Kudos Today
Editor Picks
Curator Picks
Quizzes by...
Day
Popularity
Type
Ratings
Length
Year
Community
Subscriptions
Recent Discussions
Orange Saloon
Badges
Playlists
Quests
Create
Leaderboards
Showdown
Live 5
Trivia Bingo
Activity
Puzzle Library
Sporcle Events
Private Events
Virtual Trivia
Globe League
Become a Host
Pub Owners
SporcleCon
Opinionation
Our Games
Videos
Blog
Mobile Apps
Partnerships
Remove Ads and Go Orange
Feedback
Music
Pop Music
The Beatles
Song
Album
Lyrics
Bands
Singers
Artist
Clip
Rock
Rap
Classical
Billboard
Country Music
Kpop
Taylor Swift
Music
Pop Music
The Beatles
Song
Album
Lyrics
Bands
Singers
Artist
Clip
Rock
Rap
Classical
Billboard
Country Music
Kpop
Taylor Swift
Random Quiz
Search Sporcle
×
Quiz Lab
Quiz Lab
Music
Song
Type in answers that appear in a list
Type in answers that appear in a list
Classic
Best Score? Go Orange.
Song Challenge (clips) Stats
Can you name the songs from these audio clips?
By
SalvatiNJ
15m
52 Questions
5,225 Plays
5,225 Plays
5,225 Plays
Comments
Comments
Give Quiz Kudos
Give Quiz Kudos
-
- Ratings
hide this ad
Replay
Link that replays current quiz
Next Quiz
Link to next quiz in quiz playlist
You Got
0%
They Got
Avg Score
34%
Avg Friend Score
Upgrade to see
Score Distribution
Jump to the score distribution portion of the page
Score
0/52
Timer
15:00
0
Plays Today
Time
Song
% Correct
0:00 -
0:05
In the End
73.2%
2:33 -
2:39
Hey Jude
71.9%
4:05 -
4:11
Blue (Da Ba Dee)
71.5%
2:26 -
2:33
Mr. Brightside
69.3%
2:51 -
2:57
Summer of '69
68.5%
3:09 -
3:15
Jump Around
66.3%
0:16 -
0:22
Tubthumping
66%
4:27 -
4:32
Free Fallin'
61.1%
2:57 -
3:03
Drops of Jupiter
58.2%
2:46 -
2:51
It Wasn't Me
55.8%
1:18 -
1:25
Let it Rock
51.2%
0:22 -
0:28
London Calling
50.7%
0:53 -
1:00
Like a Rolling Stone
50.6%
4:44 -
4:49
Clint Eastwood
48.4%
3:15 -
3:22
Jack and Diane
47.3%
3:33 -
3:38
Sandstorm
46%
0:05 -
0:10
Won't Get Fooled Again
45.9%
2:04 -
2:10
Fat Lip
45.9%
4:32 -
4:38
Sexy Bitch
45.8%
3:22 -
3:28
Bad Moon Rising
44.7%
0:33 -
0:40
Lithium
43.7%
2:39 -
2:46
Dancing in the Dark
43.7%
3:03 -
3:09
I Still Haven't Found What I'm Looking For
42.4%
4:38 -
4:44
By the Way
41.4%
2:15 -
2:20
Black Dog
37.7%
2:10 -
2:15
The Anthem
36.7%
Time
Song
% Correct
1:58 -
2:04
Satisfaction
34.9%
1:25 -
1:29
Sweet Emotion
31.8%
4:16 -
4:22
My Own Worst Enemy
30.9%
3:55 -
4:00
Gimme Shelter
30.2%
1:52 -
1:58
Voodoo Child (Slight Return)
29.9%
1:00 -
1:05
Ruff Ryders' Anthem
27.8%
0:28 -
0:33
Nuthin' but a 'G' Thang
24.2%
1:35 -
1:41
Go
20.5%
3:38 -
3:44
Highway Star
18.2%
3:28 -
3:33
On to the Next One
18%
0:40 -
0:46
Guerilla Radio
17.9%
4:55 -
5:01
The End
15.4%
3:49 -
3:55
Solsbury Hill
14.7%
2:20 -
2:26
Wake Up
14.7%
0:46 -
0:53
Rock This Party
12.5%
3:44 -
3:49
Cute without the E
11.7%
0:10 -
0:16
Sky is the Limit
11.3%
4:49 -
4:55
The Hand That Feeds
10.1%
1:41 -
1:46
Boyz-n-the-Hood
9.9%
1:29 -
1:35
Touch It
9.6%
1:46 -
1:52
Soldier
7.9%
1:05 -
1:12
Young Lust
7.1%
4:22 -
4:27
Hail Mary
6.9%
1:12 -
1:18
Gimme the Loot
4.9%
4:11 -
4:16
Lost in Hollywood
4%
4:00 -
4:05
Officer
2.5%
Quiz Playlist
Details
Report
Send in Message
Add To Playlist
Classic:
Type in answers that appear in a list
Quiz Source
Last Updated: Feb 16, 2017
Quiz Scoreboard
CHALLENGE
Sign Up to Join the Scoreboard
Show All
Scores
Hide
Comments
May contain spoilers
Recently Published
Street Fighter Characters
by Artimus82
Gaming
60s
9x9 Crossword: Cartoon Network
by jackfrog10
Miscellaneous
3m
College Basketball Coaching Resumes
by pancakes188
Sports
9m
More to Explore
Quiz From the Vault
Featured Blog Post
Where Did the Easter Bunny Come From?
hide this ad
You Might Also Like...
Tags
Artist Quiz
Clip Quiz
Song Quiz
Audio Quiz
challenge
Today's Top Quizzes in Music
Browse Music
hide this ad
Today's Top Quizzes in Song
Browse Song
Top Contributed Quizzes in Music
1
Taylor Swift All Songs (2024)
2
Taylor Swift Logic Puzzle
3
Guess the Artist- 70s Songs
4
7-to-1: Billboard Hot 100 #1 Hits of 2010s
5
Sorting Albums and Songs
6
KPOP LOGIC QUIZ
7
Guess the Taylor Swift song (Mystery Song)
8
Guess The Taylor Swift Lyrics Song #1
9
Billboard Blitz: ABBA
10
Billboard Blitz: The Beatles
Explore More
Trending Topics
Crossword
Disney
NBA
Anime
Kpop
Marvel
Harry Potter
The Office
Soccer
Pokémon
NFL
Song
WWE
Country
Puzzle
hide this ad
More By:
SalvatiNJ
Quiz
Plays
Rating
Category
Featured
Created
Ultimate Music Quiz, Part II
1,350
4.00
Music
Feb 15, 2010
Memorable Movie Quotes
721
3.17
Movies
Feb 17, 2010
My List of the 100 Top NFL Players
418
4.00
Sports
Apr 25, 2010
NFL All-Decade Team (2000s)
188
5.00
Sports
May 20, 2011
Name The Albums
81
5.00
Music
Feb 15, 2010
Go to Creator's Profile
Score Distribution
Quiz Creator Spotlight
SalvatiNJ
Follow
Send a Message
Quizzes Created
-
Created Quiz Play Count
-
More By This Creator
Popular Quizzes Today
1
Find the US States - No Outlines Minefield
2
Find the Countries of Europe - No Outlines Minefield
3
The Countries of the World
4
Find the US States
5
Risky Map Clicking: Biggest States A-Z
6
US States
7
Popular People in 1961
8
Movies - When Are They Set?
More Music Quizzes
'Wouldn't It Be Nice' Lyrics
Published
Trending Quizzes
Risky Map Clicking: Least Populous States A-Z
Countries of the World: 200 Million BC
1-10 Letter G Words
Risky Map Clicking: Next State Alphabetically
Adjectives in 80s TV Shows
Recently Updated
Leaping Animals
pecheneg
Reality TV Shows (A-Z)
bhenderson79
Rickey Henderson's Hall of Fame Teammates
pecheneg
Champions League XIs: Arsenal
pecheneg
Quick Pick: Celebrities in WWE's Hall of Fame
aduchscher
A-Z Keypad Blitz II
pecheneg
Multiple Oscar Actors
pecheneg
Mystery Phrase Blitz: Oscar 'Best Actors'
pecheneg
F. Scott Fitzgerald Novels
LTH
Pick 3 Villains
ddd62291
Trending Topics
Crossword
Marvel
Anime
Harry Potter
NBA
Disney
Kpop
Puzzle
Soccer
The Office
NFL
WWE
Song
Country
Pokémon
Your Account Isn't Verified!
In order to create a playlist on Sporcle, you need to verify the email address you used during registration. Go to your
Sporcle Settings
to finish the process.
Report this User
Report this user for behavior that violates our
Community Guidelines
.
Details:
Send Report
Go to the Sporcle.com Mobile Site →
Comments